No repeated letters countries - Statistics

General Stats
  • This quiz has been taken 33 times
    24 since last reset
  • The average score is 46 of 54
Answer Stats
Letters Answer % Correct
6 Brazil
100%
5 Chile
100%
7 Denmark
100%
6 France
100%
7 Germany
100%
7 Iceland
100%
7 Ireland
100%
6 Norway
100%
5 Spain
100%
5 China
95%
5 Egypt
95%
6 Israel
95%
5 Italy
95%
6 Poland
95%
7 Belgium
90%
4 Chad
90%
4 Cuba
90%
4 Laos
90%
6 Mexico
90%
5 Nepal
90%
6 Turkey
90%
7 Vietnam
90%
6 Bhutan
85%
6 Cyprus
85%
7 Ecuador
85%
7 Estonia
85%
4 Iran
85%
6 Jordan
85%
5 Kenya
85%
4 Mali
85%
5 Niger
85%
4 Oman
85%
4 Peru
85%
8 Portugal
85%
6 Serbia
85%
8 Slovenia
85%
11 Switzerland
85%
5 Syria
85%
5 Gabon
80%
4 Iraq
80%
5 Sudan
80%
7 Ukraine
80%
6 Kuwait
75%
5 Libya
75%
5 Tonga
75%
7 Belarus
70%
6 Brunei
70%
7 Hungary
70%
10 Uzbekistan
70%
6 Guinea
65%
8 Honduras
65%
9 Singapore
65%
8 Suriname
65%
8 Maldives
60%
No matching quizzes found
Score Distribution
Percent of People with Each Score
Percentile by Number Answered
Your Score History
You have not taken this quiz since the last reset